000 01036cam a2200217 4500
001 WB3818-14
008 020516n2002 000 0 eng u
035 _a(Sirsi) u117984
245 _aHousing association partnerships
260 _c2002
490 _aInside Housing
_v 10 May 2002, 8(1)
520 _aReport for the Housing Corporation and Building Societies Association claims partnerships between housing associations and financial institutions could help reduce rent arrears and void levels and combat financial exclusion. Three established partnership models are highlighted that would benefit tenants. 'Partnerships for financial inclusion: housing associations and financial institutions' is available from the Building Societies Association t +44(0) 20 7440 2204.
590 _aWB
650 _aBUILDING SOCIETIES ASSOCIATION
650 _aHOUSING CORPORATION
650 _aHOUSING ASSOCIATIONS
650 _aFINANCIAL INSTITUTIONS
650 _aSOCIAL HOUSING
690 _aHOUSING-HOUSING FINANCE
942 _n0
999 _c70268
_d70268